Reading workbook, fourth grade. (Record no. 112850)
[ view plain ]
| 000 -LEADER | |
|---|---|
| fixed length control field | 00516nam a2200181 a 4500 |
| 001 - CONTROL NUMBER | |
| control field | 1100 |
| 005 - DATE AND TIME OF LATEST TRANSACTION | |
| control field | 20140414131953.0 |
| 008 - FIXED-LENGTH DATA ELEMENTS--GENERAL INFORMATION | |
| fixed length control field | 041020s19uu xx 00 eng d |
| 020 ## - INTERNATIONAL STANDARD BOOK NUMBER | |
| International Standard Book Number | 0-86734-039-8 |
| 050 ## - LIBRARY OF CONGRESS CALL NUMBER | |
| Classification number | TR 372.4 |
| Item number | R48 1983 |
| 245 ## - TITLE STATEMENT | |
| Title | Reading workbook, fourth grade. |
| 260 ## - PUBLICATION, DISTRIBUTION, ETC. (IMPRINT) | |
| Place of publication, distribution, etc | California : |
| Name of publisher, distributor, etc | Frank Schaffer Pub., |
| Date of publication, distribution, etc | 1983. |
| 300 ## - PHYSICAL DESCRIPTION | |
| Extent | 48 p. : ill. ; cm. |
| 440 ## - SERIES STATEMENT/ADDED ENTRY--TITLE | |
| Title | Basic Learning Series, bk. 2 |
| 500 ## - GENERAL NOTE | |
| General note | For Parents and Teachers |
| 650 ## - SUBJECT ADDED ENTRY--TOPICAL TERM | |
| Topical term or geographic name as entry element | Reading |
| General subdivision | Study and teaching. |
| Withdrawn status | Lost status | Damaged status | Use restrictions | Home library | Current library | Shelving location | Date acquired | Source of acquisition | Total Checkouts | Full call number | Barcode | Date last seen | Price effective from | Koha item type |
|---|---|---|---|---|---|---|---|---|---|---|---|---|---|---|
| Munich Library | Munich Library | Teachers Reference Section | 10/20/2004 | TR 372.4 R48 1983 | M4251 | 04/14/2014 | 04/14/2014 | Books |